[Event "EU-chT prel"]
[Site "Aarhus"]
[Date "1971.09.10"]
[Round "6"]
[White "Vogt, Lothar"]
[Black "Doda, Zbigniew"]
[Result "1-0"]
[WhiteElo "2390"]
[BlackElo "2430"]

1.e4 c5 2.Nf3 Nc6 3.d4 cxd4 4.Nxd4 e6 5.Nc3 a6 6.Be3 Qc7 7.Bd3 Nf6 8.O-O Bd6
9.h3 b5 10.Nb3 Bf4 11.Qd2 Bxe3 12.Qxe3 d6 13.Rae1 O-O 14.Kh1 e5 15.f4 Be6
16.fxe5 Nxe5 17.Qg5 Bxb3 18.axb3 Qd8 19.Ne2 h6 20.Qe3 d5 21.Ng3 dxe4 22.Bxe4 Nxe4
23.Qxe4 Ng6 24.c3 Ra7 25.Nf5 Rd7 26.Re2 Rd2 27.Rxd2 Qxd2 28.Qd4 Qxd4 29.Nxd4 Rd8
30.Rf5 Re8 31.Kh2 Re1 32.b4 Rb1 33.Rf2 Ne5 34.b3 Rc1 35.Rc2 Rxc2 36.Nxc2 Kf8
37.Kg3 Ke7 38.Kf4 Kd6 39.Ke4 g6 40.g4 Ke6 41.Nd4+ Kd6 42.Ne2 Nc6 43.Nf4 a5
44.bxa5 Nxa5 45.b4 Nc4 46.Ne2 Nd2+ 47.Kd3 Nf3 48.Ke3 Ng5 49.h4 Ne6 50.Ke4 Nc7
51.Nd4 Ke7 52.Ke5 f6+ 53.Ke4 Kf7 54.Ne2 Kg7 55.Kd4 f5 56.gxf5 gxf5 57.Ke5 Kg6
58.Nf4+ Kf7 59.Kxf5 Ne8 60.Ke5 Nf6 61.Kd4 Nd7 62.Kd5 Kf6 63.Kc6 Ne5+ 64.Kxb5 Kf5
65.Ng2 Kg4 66.c4 h5 67.c5 Kg3 68.c6 Nf7 69.Kc5 Nd8 70.c7 Ne6+ 71.Kd6 Nxc7
72.Kxc7 Kxg2 73.b5  1-0

[Event "Barnstaple op"]
[Site "Barnstaple"]
[Date "1971.10.01"]
[Round "1"]
[White "Bruzzi, Stefano"]
[Black "Lee, RA."]
[Result "0-1"]
[WhiteElo "2288"]
[BlackElo "2112"]

1.e4 c5 2.Nf3 Nc6 3.d4 cxd4 4.Nxd4 e6 5.Nc3 Qc7 6.g3 a6 7.Bf4 e5 8.Nd5 Qd8
9.Bg5 f6 10.Qh5+ g6 11.Nxc6 dxc6 12.Nxf6+ Nxf6 13.Qf3 Bg7 14.Bc4 Qe7 15.O-O h6
16.Bd2 Be6 17.Bb4 Qf7 18.Bxe6 Qxe6 19.Rad1 Bf8 20.Qa3 Be7 21.Rd3 Rd8 22.Rxd8+ Kxd8
23.Rd1+ Ke8 24.f3 Kf7 25.Bxe7 Qxe7 26.Qb3+ Kg7 27.Qb6 Rc8 28.Rd3 Rc7 29.Kf2 Rd7
30.Rxd7 Qxd7 31.Ke2 Nh7 32.b3 Ng5 33.Qc5 Qe6 34.Qa7 Qf7 35.Qe3 Ne6 36.c3 Qd7
37.Qa7 Qc7 38.Qa8 Nd8 39.Qa7 c5 40.a3 Kf7 41.Kd3 Ke7 42.a4 Ke6 43.Qa8 Kd7
44.Kc4 Qd6 45.Qa7 Qe6+ 46.Kd3 Qxb3 47.Qxc5 Qd1+ 48.Kc4 Qxa4+ 49.Kd5 Qc6+  0-1

[Event "HUN-ch"]
[Site "Budapest"]
[Date "1971.??.??"]
[Round "10"]
[White "Polgar, Istvan"]
[Black "Lengyel, Levente"]
[Result "1/2-1/2"]
[WhiteElo "2380"]
[BlackElo "2485"]

1.e4 c5 2.Nf3 e6 3.d4 cxd4 4.Nxd4 Nc6 5.Nc3 Qc7 6.Be2 a6 7.O-O b5 8.Nxc6 Qxc6
9.Bf3 Bb7 10.a4 b4 11.Ne2 Ne7 12.Bf4 Ng6 13.Nd4 Qb6 14.a5 Qa7 15.Bg3 Be7
16.Re1 O-O 17.Qd2 Rac8 18.Nf5 exf5 19.exf5 Bxf3 20.fxg6 Bf6 21.gxf3 Bxb2
22.gxh7+ Kh8 23.Rad1 Bc3 24.Qe3 Qb7 25.Re2 Qb5 26.Rd6 Qxa5 27.Qd3 Qb5 28.Qxb5 axb5
29.Rxd7 Rfe8 30.Rxe8+ Rxe8 31.Rxf7 Re2 32.Rb7 Rxc2 33.Rxb5 Kxh7 34.Bd6 Rd2
35.Bb8 Bd4 36.Rxb4 Bxf2+ 37.Kh1 Bc5 38.Rh4+ Kg6 39.Be5 Kf5 40.Bc3 Rd3 41.Rh5+ g5  1/2-1/2

[Event "Buenos Aires WOBRON"]
[Site "Buenos Aires"]
[Date "1971.??.??"]
[Round "3"]
[White "Bolbochan, Julio"]
[Black "Garcia, Raimundo"]
[Result "1/2-1/2"]
[WhiteElo "2500"]
[BlackElo "2430"]

1.e4 c5 2.Nf3 e6 3.Nc3 Nc6 4.d4 cxd4 5.Nxd4 Qc7 6.g3 a6 7.Bg2 Nf6 8.O-O Nxd4
9.Qxd4 Bc5 10.Qd3 Ng4 11.Qe2 Ne5 12.Be3 b5 13.Nd1 O-O 14.Bxc5 Qxc5 15.Ne3 Bb7
16.Rad1 Bc6 17.Kh1 b4 18.Qd2 f6 19.Qd4 Qb5 20.Kg1 a5 21.f4 Nf7 22.Rf2 Rae8
23.b3 a4 24.Qd3 Rb8 25.Qxb5 Rxb5 26.Rfd2 Ra8 27.Rd4 axb3 28.axb3 Kf8 29.e5 fxe5
30.Rxd7 Bxd7 31.Bxa8 exf4 32.gxf4 Ke7 33.Ra1 g5 34.fxg5  1/2-1/2

[Event "Gothenburg"]
[Site "Gothenburg"]
[Date "1971.??.??"]
[Round "8"]
[White "Romanishin, Oleg M"]
[Black "Hort, Vlastimil"]
[Result "0-1"]
[WhiteElo "2200"]
[BlackElo "2605"]

1.e4 c5 2.Nf3 e6 3.d4 cxd4 4.Nxd4 Nc6 5.Nc3 Qc7 6.g3 d6 7.Bg2 Bd7 8.Ndb5 Qb8
9.Bf4 Ne5 10.Qd4 g5 11.Bxg5 a6 12.Na3 b5 13.f4 h6 14.Bh4 b4 15.fxe5 dxe5
16.Qd3 bxa3 17.Rd1 Qa7 18.Rf1 axb2 19.Bh3 Bb4 20.Ke2 Qc7 21.Qf3 Bb5+ 22.Rd3 b1=Q
23.Rxb1 Qxc3  0-1

[Event "Hastings7172"]
[Site "Hastings"]
[Date "1971.??.??"]
[Round "2"]
[White "Kurajica, Bojan"]
[Black "Hartston, William R"]
[Result "1-0"]
[WhiteElo "2490"]
[BlackElo "2390"]

1.e4 c5 2.Nf3 e6 3.d4 cxd4 4.Nxd4 Nc6 5.Nc3 Qc7 6.g3 d6 7.Bg2 Bd7 8.O-O a6
9.Nxc6 Bxc6 10.Re1 Be7 11.Qg4 h5 12.Qe2 Nf6 13.a4 Kf8 14.b3 h4 15.Bb2 Qa5
16.Nb5 hxg3 17.hxg3 e5 18.Red1 Rd8 19.c4 axb5 20.axb5 Qb6 21.bxc6 bxc6 22.Qc2 c5
23.Bc3 Rb8 24.b4 cxb4 25.Bxb4 Qxb4 26.Rdb1 Qxb1+ 27.Rxb1 Rxb1+ 28.Qxb1 g6
29.Qb7 Ne8 30.Bf3 Bg5 31.Bd1 Kg7 32.Qd5 Bd8 33.c5 dxc5 34.Qxd8 Nf6 35.Qc7 Re8
36.Bb3  1-0

[Event "Hastings7172"]
[Site "Hastings"]
[Date "1971.??.??"]
[Round "4"]
[White "Andersson, Ulf"]
[Black "Franklin, Michael J"]
[Result "1-0"]
[WhiteElo "2510"]
[BlackElo "2345"]

1.e4 c5 2.Nf3 Nc6 3.d4 cxd4 4.Nxd4 e6 5.Nc3 Qc7 6.Be3 a6 7.Bd3 Nf6 8.O-O Bd6
9.h3 Bf4 10.Bxf4 Qxf4 11.Nxc6 dxc6 12.a4 a5 13.Re1 e5 14.Bc4 O-O 15.Re3 Re8
16.Qd6 Qh4 17.Qc7 Be6 18.Bxe6 Rxe6 19.Rd1 Nh5 20.Red3 Ree8 21.Qxb7 Nf4 22.g3 Nxh3+
23.Kg2 Nf4+ 24.gxf4 exf4 25.Qd7 Rf8 26.Qh3 Qg5+ 27.Kf3 g6 28.Qg4 Qc5 29.Qxf4 Rab8
30.Qf6 Rxb2 31.Rd8 Rb8 32.Rxb8 Rxb8 33.Rd7 Qh5+ 34.Kg3 g5 35.f3 Rf8 36.e5 h6
37.e6 Qh1 38.exf7+ Kh7 39.Qf5+ Kg7 40.Qe5+ Kh7 41.Qe4+ Kg7 42.Qd4+ Kh7 43.Ne4 Qe1+
44.Kg2 Qe2+ 45.Nf2 Qxc2 46.Qd6 Kg7 47.Qe5+ Kh7 48.Qe7 Kg7  1-0

[Event "Hastings7172"]
[Site "Hastings"]
[Date "1971.??.??"]
[Round "6"]
[White "Kurajica, Bojan"]
[Black "Franklin, Michael J"]
[Result "1-0"]
[WhiteElo "2490"]
[BlackElo "2345"]

1.e4 c5 2.Nf3 Nc6 3.d4 cxd4 4.Nxd4 e6 5.Nc3 Qc7 6.g3 a6 7.Bg2 Nf6 8.O-O Nxd4
9.Qxd4 Bc5 10.Bf4 d6 11.Qd2 h6 12.Rad1 e5 13.Be3 Bg4 14.Bxc5 dxc5 15.f3 Be6
16.f4 Rd8 17.Nd5 Bxd5 18.exd5 e4 19.c4 O-O 20.Rfe1 Rfe8 21.Qc2 Re7 22.Bxe4 Ne8
23.Bd3 Nd6 24.Re5 Rde8 25.Rde1 f6 26.R5e2 Kf8 27.Re6 Rxe6 28.dxe6 Ke7 29.Bf1 Kd8
30.Bg2 Qa5 31.Qf2 Ke7 32.b3 Nf5 33.Bxb7 Nd4 34.Bd5 Rd8 35.Rd1 Qb6 36.Qe3 a5
37.Qe4 a4 38.Qg6 axb3 39.Qf7+ Kd6 40.e7 Rd7 41.e8=N+  1-0

[Event "Hastings7172"]
[Site "Hastings"]
[Date "1971.??.??"]
[Round "12"]
[White "Hartston, William R"]
[Black "Ciocaltea, Victor"]
[Result "1/2-1/2"]
[WhiteElo "2390"]
[BlackElo "2460"]

1.e4 c5 2.Nf3 Nc6 3.d4 cxd4 4.Nxd4 e6 5.Nc3 a6 6.Be2 Qc7 7.f4 d6 8.Be3 Nf6
9.O-O Be7 10.Qe1 O-O 11.Qg3 Nxd4 12.Bxd4 Bd7 13.e5 dxe5 14.Bxe5 Qb6+ 15.Kh1 Ne8
16.Bd3 f6 17.Qh4 g6 18.Ne4 Bc6 19.Bc3 Bd5 20.Rae1 Qc6 21.Rf2 b5 22.Rfe2 Rf7
23.Qf2 Ng7 24.Bd2 Nf5 25.b3 Rc8 26.c4 bxc4 27.bxc4 Bxe4 28.Bxe4 Qd7 29.Bxf5 exf5
30.Qb6  1/2-1/2

[Event "CSR-ch"]
[Site "Luhacovice"]
[Date "1971.??.??"]
[Round "3"]
[White "Kostro, Jerzy"]
[Black "Jansa, Vlastimil"]
[Result "1/2-1/2"]
[WhiteElo "2385"]
[BlackElo "2450"]

1.e4 c5 2.Nf3 e6 3.d4 cxd4 4.Nxd4 Nc6 5.Nc3 d6 6.g3 Nf6 7.Bg2 Bd7 8.O-O Be7
9.Re1 O-O 10.b3 a6 11.Bb2 Qc7 12.Nce2 b5 13.Rc1 Rac8 14.c4  1/2-1/2

[Event "CSR-ch"]
[Site "Luhacovice"]
[Date "1971.??.??"]
[Round "8"]
[White "Plachetka, Jan"]
[Black "Antoshin, Vladimir S"]
[Result "0-1"]
[WhiteElo "2370"]
[BlackElo "2510"]

1.e4 c5 2.Nc3 e6 3.Nf3 Nc6 4.d4 cxd4 5.Nxd4 d6 6.g3 Nf6 7.Bg2 Bd7 8.O-O Be7
9.Ndb5 Qb8 10.Bg5 a6 11.Bxf6 gxf6 12.Nd4 Nxd4 13.Qxd4 Qa7 14.Qd3 Rc8 15.Rfe1 O-O
16.Bh3 Rfd8 17.Qf3 b5 18.a3 Rc5 19.Qe3 Qc7 20.Qh6 Rg5 21.Bf5 Rg7 22.Rad1 Bf8
23.Qxf6 exf5 24.Nd5 Qc8 25.Rd3 fxe4 26.Rc3 Qb8 27.Rxe4 Be6 28.Nc7 Rg6 29.Qh4 d5
30.Nxe6 fxe6 31.Rf4 e5 32.Rf7 Kxf7 33.Qxh7+ Bg7 34.Rf3+ Rf6 35.Rxf6+ Kxf6  0-1

[Event "Mar del Plata"]
[Site "Mar del Plata"]
[Date "1971.??.??"]
[Round "5"]
[White "Juarez, Carlos Eleodoro"]
[Black "Brond, Victor"]
[Result "0-1"]
[WhiteElo "2340"]
[BlackElo "2315"]

1.e4 c5 2.Nf3 e6 3.d4 cxd4 4.Nxd4 Nc6 5.Nc3 Qc7 6.Be3 Nf6 7.Bd3 a6 8.O-O Bd6
9.Nxc6 bxc6 10.f4 e5 11.g3 h5 12.Qf3 Ng4 13.fxe5 Nxe5 14.Qf2 Be7 15.Ne2 d6
16.Bd4 Bf6 17.Kh1 Bh3 18.Rfe1 h4 19.Bxe5 Bxe5 20.c3 hxg3 21.Nxg3 Be6 22.Re2 Rh3
23.Kg1 Ke7 24.Re3 Rah8 25.Bf1 Rxh2 26.Bg2 g6 27.b3 Kf8 28.Ne2 Bh3 29.Rxh3 R8xh3
30.Nf4 Bxf4 31.Qxf4 Qa7+ 32.Kf1 Rh1+ 33.Ke2 Rxa1 34.Bxh3 Rxa2+ 35.Kd3 Qe7
36.Bf1 Kg7 37.Qe3 Qe5 38.Be2 Qb5+  0-1

[Event "Mar del Plata"]
[Site "Mar del Plata"]
[Date "1971.??.??"]
[Round "6"]
[White "Planinec, Albin"]
[Black "Schweber, Samuel"]
[Result "1/2-1/2"]
[WhiteElo "2510"]
[BlackElo "2435"]

1.e4 c5 2.Nf3 e6 3.d4 cxd4 4.Nxd4 Nc6 5.Nc3 Qc7 6.f4 a6 7.Nxc6 Qxc6 8.Bd3 b5
9.Qe2 Bb7 10.Bd2 Ne7 11.a3 Ng6 12.O-O Bc5+ 13.Kh1 O-O 14.e5 d5 15.exd6 Bxd6
16.Be4 Qc7 17.Bxb7 Qxb7 18.Ne4 Be7 19.f5 exf5 20.Rxf5 Nh4 21.Re5 Ng6 22.Rh5 Rae8
23.Qf3 Qc6 24.Bc3 f5 25.Rxh7 Rf7 26.Re1 Bf8 27.Ng5 Rxe1+ 28.Bxe1 Qxf3 29.gxf3 Re7
30.Bc3 Re2 31.Rh5 Rxc2 32.Nh3 Bxa3 33.Rg5 Kh7 34.Rh5+ Kg8 35.Rg5 Kh7 36.Rh5+ Kg8  1/2-1/2

[Event "Novy Smokovec"]
[Site "Novy Smokovec"]
[Date "1971.??.??"]
[Round "2"]
[White "Bugar, Anton"]
[Black "Jansa, Vlastimil"]
[Result "0-1"]
[WhiteElo "2200"]
[BlackElo "2450"]

1.e4 c5 2.Nf3 Nc6 3.d4 cxd4 4.Nxd4 e6 5.Nc3 Qc7 6.Be3 a6 7.Bd3 Nf6 8.O-O Ne5
9.Nde2 b5 10.h3 Bb7 11.f4 Nc4 12.Bxc4 Qxc4 13.e5 b4 14.exf6 bxc3 15.Nxc3 gxf6
16.Qd2 Rg8 17.Rf2 Bb4 18.Rd1 Qc6 19.Bd4 O-O-O 20.a3 Be7 21.Qe2 f5 22.b4 Bh4
23.Rd2 Bxf2+ 24.Qxf2 Rg6 25.Nd1 Rdg8 26.Ne3 f6 27.c4 Qe4 28.b5 e5 29.bxa6 Bc6
30.Ba7 exf4 31.Nd5 f3  0-1

[Event "Novy Smokovec"]
[Site "Novy Smokovec"]
[Date "1971.??.??"]
[Round "2"]
[White "Plachetka, Jan"]
[Black "Doda, Zbigniew"]
[Result "1-0"]
[WhiteElo "2370"]
[BlackElo "2430"]

1.e4 c5 2.Nf3 e6 3.Nc3 Nc6 4.d4 cxd4 5.Nxd4 a6 6.Be2 Qc7 7.f4 b5 8.Nxc6 Qxc6
9.Bf3 Bb7 10.Be3 Rc8 11.e5 Qc7 12.O-O Nh6 13.Bxb7 Qxb7 14.Qd3 Be7 15.Rad1 Nf5
16.Bf2 h5 17.Ne4 O-O 18.Qf3 Qc6 19.Rd2 d6 20.exd6 Nxd6 21.Nxd6 Bxd6 22.Qxc6 Rxc6
23.g3 Rfc8 24.Rfd1 Be7 25.c3 R6c7 26.Bd4 f6 27.a3 Kf7 28.Kf2 a5 29.Kf3 Rb7
30.Ke4 b4 31.axb4 axb4 32.Ra1 g5 33.fxg5 f5+ 34.Kf4 Bd6+ 35.Kf3 e5 36.Be3 bxc3
37.bxc3 Ke6 38.Ra6 Rxc3 39.Ra8 Rd7 40.Ke2 Rc6 41.g6 Ke7 42.g7  1-0

[Event "Novy Smokovec"]
[Site "Novy Smokovec"]
[Date "1971.??.??"]
[Round "4"]
[White "Vogt, Lothar"]
[Black "Jansa, Vlastimil"]
[Result "1/2-1/2"]
[WhiteElo "2390"]
[BlackElo "2450"]

1.e4 c5 2.Nc3 Nc6 3.Nge2 e6 4.d4 cxd4 5.Nxd4 Qc7 6.Be3 a6 7.Bd3 Nf6 8.O-O Ne5
9.Be2 b5 10.f4 Nc4 11.Bc1 Bb4 12.e5 Bxc3 13.bxc3 Nd5 14.Qd3 Bb7 15.a4 Qa5
16.Bf3 Rc8 17.Bxd5 Bxd5 18.Qg3 g6 19.Kh1 bxa4 20.Nb3 Qb5 21.Nd4 Qa5 22.Nb3  1/2-1/2

[Event "Novy Smokovec"]
[Site "Novy Smokovec"]
[Date "1971.??.??"]
[Round "6"]
[White "Banas, Jan"]
[Black "Doda, Zbigniew"]
[Result "1-0"]
[WhiteElo "2200"]
[BlackElo "2430"]

1.e4 c5 2.Nf3 Nc6 3.d4 cxd4 4.Nxd4 e6 5.Nc3 a6 6.g3 Nge7 7.Bg2 Nxd4 8.Qxd4 Nc6
9.Qd3 Be7 10.O-O O-O 11.f4 d6 12.Be3 Qc7 13.Na4 b5 14.Nb6 Rb8 15.Nxc8 Rfxc8
16.c3 Na5 17.Rad1 Nc4 18.Bc1 Rd8 19.Kh1 Rdc8 20.g4 Bf8 21.Qh3 g6 22.f5 Qe7
23.f6 Qe8 24.Qh4 Rc5 25.Rd3 h5 26.Rh3 Kh7 27.b3 Ne5 28.b4  1-0

[Event "Novy Smokovec"]
[Site "Novy Smokovec"]
[Date "1971.??.??"]
[Round "8"]
[White "Espig, Lutz"]
[Black "Jansa, Vlastimil"]
[Result "0-1"]
[WhiteElo "2460"]
[BlackElo "2450"]

1.e4 c5 2.Nf3 e6 3.d4 cxd4 4.Nxd4 Nc6 5.Nc3 Qc7 6.Be2 a6 7.Be3 Nf6 8.f4 d6
9.Qd2 Bd7 10.O-O-O b5 11.e5 dxe5 12.fxe5 Qxe5 13.Bf3 Qc7 14.Rhe1 Be7 15.Bf4 Qc8
16.g4 b4 17.Ne4 Nxe4 18.Bxe4 O-O 19.Qg2 Nxd4 20.Bxa8 Qxa8 21.Qxa8 Rxa8 22.Rxd4 Bc6
23.Bd6 Bg5+ 24.Kb1 a5 25.a3 Bd5 26.axb4 axb4 27.b3 Bf6 28.Be5 Be7 29.Rd3 f6
30.Bb2 Kf7 31.Bd4 Bd6 32.h3 Kg6 33.Kb2 h5 34.Rg1 hxg4 35.Rxg4+ Kf7 36.c4 bxc3+
37.Bxc3 Rb8 38.Bd2 Be5+ 39.Ka3 f5 40.Ra4 Bd6+ 41.Bb4 Rxb4 42.Rxb4 f4 43.Ka4 Bxb4
44.Kxb4 f3 45.Rd1 Kf6 46.Kc3 Ke5 47.Kd2 Kf4 48.Rc1 e5 49.Rc8 Bxb3 50.Rf8+ Ke4
51.Re8 Bc4 52.Ke1 Bd3 53.Kf2 Kf4 54.h4 g6 55.Rf8+ Bf5 56.Rh8 e4 57.Re8 Kg4
58.Rh8 e3+ 59.Kxe3 Kg3 60.Ra8 f2 61.Ra1 Bh3 62.h5 gxh5 63.Ke2 Kg2  0-1

[Event "Rubinstein mem"]
[Site "Polanica Zdroj"]
[Date "1971.??.??"]
[Round "15"]
[White "Nicevski, Risto"]
[Black "Doda, Zbigniew"]
[Result "1/2-1/2"]
[WhiteElo "2410"]
[BlackElo "2430"]

1.e4 c5 2.Nf3 e6 3.d4 cxd4 4.Nxd4 Nc6 5.Nc3 a6 6.g3 Nge7 7.Bg2 Nxd4 8.Qxd4 Nc6
9.Qe3 Be7 10.O-O O-O 11.b3 Bf6 12.Bb2 Bd4 13.Qd3 d6 14.Na4 Bxb2 15.Nxb2 Qc7
16.Rfd1 Rd8 17.Nc4 e5 18.Ne3 Be6 19.c3 Rac8 20.Rac1 b5 21.h4 Qa5 22.Qd2 h6
23.Kh2 Ne7 24.Qb2 Qb6 25.Rd3 Rc7 26.Rcd1 Rcd7 27.Qd2 a5 28.Bh3 d5 29.exd5 Nxd5
30.Bxe6 fxe6 31.Ng4 Rf8 32.f3 Qc7 33.Qe1 Rf5 34.Qe4 Rdf7 35.c4 bxc4 36.bxc4 h5
37.cxd5 exd5 38.Rxd5 hxg4 39.Rd8+ Rf8 40.Qxf5 Rxd8 41.Qe6+ Kh8 42.Rxd8+ Qxd8
43.Qxg4 Qd2+ 44.Kh3 Qxa2 45.Qh5+ Kg8 46.Qe8+ Kh7 47.Qxe5 a4 48.g4 a3 49.Qh5+ Kg8
50.Qe8+ Kh7 51.Qe4+ Kg8 52.g5 Kf7 53.Qb7+ Ke8 54.Qc8+ Ke7 55.Qc7+ Ke8 56.Qe5+ Kf7
57.Qc7+ Ke8  1/2-1/2

[Event "Hoogovens-B"]
[Site "Wijk aan Zee"]
[Date "1971.??.??"]
[Round "?"]
[White "Kostro, Jerzy"]
[Black "Hartoch, Robert G"]
[Result "1/2-1/2"]
[WhiteElo "2380"]
[BlackElo "2360"]

1.e4 c5 2.Nf3 e6 3.d4 cxd4 4.Nxd4 Nc6 5.Nc3 a6 6.g3 Qc7 7.Bg2 Nf6 8.O-O Nxd4
9.Qxd4 Bc5 10.Bf4 d6 11.Qd3 Nd7 12.Na4 e5 13.Bd2 b5 14.Nxc5 Nxc5 15.Qa3 Bb7
16.Ba5 Qc6 17.Rad1 O-O 18.Rd5 Qc8 19.Rxd6 Bxe4 20.f3 Bf5 21.Rd5 Nb7 22.Rxe5 Nxa5
23.Qxa5 Qxc2 24.Rf2 Qc1+ 25.Qe1 Rac8 26.Qxc1 Rxc1+ 27.Rf1 Rxf1+ 28.Bxf1 Be6
29.a4 bxa4 30.Bxa6  1/2-1/2

[Event "Birmingham"]
[Site "Birmingham"]
[Date "1972.04.07"]
[Round "13"]
[White "Borngaesser, Rene"]
[Black "Corden, Martyn J"]
[Result "1-0"]
[WhiteElo "2350"]
[BlackElo "2360"]

1.e4 c5 2.Nf3 Nc6 3.d4 cxd4 4.Nxd4 e6 5.Nc3 Qc7 6.g3 a6 7.Bg2 Nf6 8.O-O Nxd4
9.Qxd4 Bc5 10.Bf4 d6 11.Qd2 O-O 12.Rad1 Ne8 13.Rfe1 Bb4 14.Nd5 Bxd2 15.Nxc7 Bxe1
16.Nxa8 Ba5 17.Bxd6 Nxd6 18.Rxd6 Rd8 19.e5 b5 20.b4 Rxd6 21.exd6 Bd8 22.Bc6 a5
23.a3 Kf8 24.Kf1 Ba6 25.c4 axb4 26.axb4 bxc4 27.b5 c3 28.Ke2 Ba5 29.Kd3 Bc8
30.d7 Bxd7 31.Bxd7 Ke7 32.Bc8  1-0

[Event "BCF-ch"]
[Site "Brighton"]
[Date "1972.08.22"]
[Round "8"]
[White "Miles, Anthony J"]
[Black "Pritchett, Craig William"]
[Result "1/2-1/2"]
[WhiteElo "2285"]
[BlackElo "2340"]

1.e4 c5 2.Nf3 e6 3.Nc3 Nc6 4.d4 cxd4 5.Nxd4 d6 6.Be3 Nf6 7.Bc4 Bd7 8.Qe2 a6
9.O-O-O b5 10.Bb3 Na5 11.f3 Be7 12.g4 O-O 13.g5 Ne8 14.Rhg1 Nxb3+ 15.axb3 Qa5
16.Kb1 g6 17.f4 b4 18.Na2 Ng7 19.Bd2 Rfb8 20.f5 Bf8 21.f6 Nh5 22.Qe1 d5 23.e5 Qb6
24.Rg4 a5 25.c3 Bc5 26.Bc1 bxc3 27.Qxc3 Bxd4 28.Rgxd4 Qxb3 29.R1d3 Qb6 30.Qd2 a4
31.Rb4 Qg1 32.Rxb8+ Rxb8 33.Rc3 Bb5 34.Rc7 a3 35.Qc3 Qb6 36.Rc8+ Be8 37.Rxb8 Qxb8
38.b4 h6 39.gxh6 Kh7 40.Bxa3 Nf4 41.Qd4 Ne2 42.Qe3  1/2-1/2

[Event "Islington op"]
[Site "Islington"]
[Date "1972.12.15"]
[Round "1"]
[White "Stean, Michael"]
[Black "Burton, GP."]
[Result "0-1"]
[WhiteElo "2328"]
[BlackElo "2232"]

1.e4 c5 2.Nf3 e6 3.d4 cxd4 4.Nxd4 Nc6 5.Nc3 Qc7 6.Be3 a6 7.f4 b5 8.Nb3 d6
9.Bd3 Nf6 10.O-O Be7 11.Qf3 O-O 12.g4 b4 13.Ne2 d5 14.e5 Ne4 15.Ng3 Nxg3
16.hxg3 d4 17.Qh1 g6 18.Bd2 Bb7 19.Qh6 Rfd8 20.Rf2 Bf8 21.Qh3 Bg7 22.g5 a5
23.Rh2 Ne7 24.Qxh7+ Kf8 25.Re1 Ba6 26.g4 Bxd3 27.cxd3 Ra6 28.Re4 Rc6 29.Nxd4 Rc1+
30.Kg2 Rd1 31.Kg3 Rg1+ 32.Rg2 Rd1 33.Kh2 Qc5 34.Nb3 Qb5 35.d4 Qf1 36.Qh3 Nd5
37.Nc5 Ke7 38.Qd3 Qh1+ 39.Kg3 Rh8 40.Qb5 Rh3+ 41.Kf2 Rxd2+ 42.Re2 Rxe2+ 43.Qxe2 Rh2
44.Rxh2 Qxh2+ 45.Ke1 Qxe2+ 46.Kxe2 Nxf4+ 47.Kf3 Nd5 48.Nb7 a4 49.Nc5 a3 50.bxa3 bxa3  0-1

[Event "Islington op"]
[Site "Islington"]
[Date "1972.12.17"]
[Round "6"]
[White "Eley, Brian"]
[Black "Hartston, William R"]
[Result "1/2-1/2"]
[WhiteElo "2296"]
[BlackElo "2472"]

1.e4 c5 2.Nf3 e6 3.d4 cxd4 4.Nxd4 Nc6 5.Nc3 a6 6.Be3 Qc7 7.Be2 b5 8.Nxc6 Qxc6
9.e5 Bb7 10.Bf3 Qc7 11.O-O Rd8 12.Bxb7 Qxb7 13.Qd4 Ne7 14.Rfd1 Nf5 15.Qb6 Qxb6
16.Bxb6 Rb8 17.Bd4 Rc8 18.Rac1 Rc4 19.Ne2 Be7 20.c3 f6 21.exf6 gxf6 22.Rd3 d5
23.Be3 Kf7 24.Nd4 Nxd4 25.Rxd4 Rhc8 26.Rxc4 Rxc4 27.Kf1 e5 28.Ke2 b4 29.cxb4 Rxb4
30.b3 d4 31.Bd2 Rb6 32.Kd3 Ke6 33.Ba5 Rb5 34.Rc6+ Kd5 35.Rxa6 e4+ 36.Ke2 Rc5
37.Bb4 Rc2+ 38.Kd1 Rxf2 39.Bxe7 e3 40.Rd6+ Ke5 41.Rd8 Rxg2 42.Bxf6+ Kxf6
43.Rxd4 Rxa2 44.Re4 Rxh2 45.Rxe3  1/2-1/2

[Event "WchT U26"]
[Site "Graz"]
[Date "1972.??.??"]
[Round "1"]
[White "Ivanovic, Bozidar"]
[Black "Karlsson, Peter"]
[Result "1-0"]
[WhiteElo "2380"]
[BlackElo "2200"]

1.e4 c5 2.Nf3 Nc6 3.d4 cxd4 4.Nxd4 e6 5.Nc3 Qc7 6.Be2 a6 7.O-O Nf6 8.Be3 Bb4
9.Na4 Bd6 10.g3 b5 11.Nc3 Bb4 12.Bf3 Bb7 13.Bg2 Ne5 14.Re1 Bxc3 15.bxc3 Qxc3
16.Nf5 O-O 17.Nd6 Qc6 18.Nxb7 Qxb7 19.f4 Nc4 20.Bd4 Qc7 21.e5 Nd5 22.f5 Rac8
23.f6 g6 24.Qc1 Kh8 25.Qh6 Rg8 26.Re4 g5 27.Rh4 gxh4 28.Be4 Nxf6 29.exf6 Rxg3+
30.Kh1 Rg6 31.Bxg6 Qc6+ 32.Kg1  1-0

[Event "WchT U26"]
[Site "Graz"]
[Date "1972.??.??"]
[Round "2"]
[White "Sharif, Mershad"]
[Black "Karlsson, Peter"]
[Result "1-0"]
[WhiteElo "2330"]
[BlackElo "2200"]

1.e4 c5 2.Nf3 Nc6 3.d4 cxd4 4.Nxd4 e6 5.Nc3 Qc7 6.Be3 a6 7.Bd3 Nf6 8.Nb3 b5
9.f4 d6 10.O-O Bb7 11.Qf3 Be7 12.Qh3 Nb4 13.a3 Nxd3 14.cxd3 Rc8 15.Nd4 O-O
16.Rf3 Nd7 17.g4 Rfe8 18.g5 Qd8 19.Qg4 d5 20.Rh3 Nf8 21.e5 b4 22.Nd1 bxa3
23.bxa3 Bc5 24.Rb1 Qd7 25.Qh5 Bxa3 26.Nf2 Rb8 27.Ng4 Ng6 28.Qxh7+ Kf8 29.Nf6 Qc7
30.Nh5 Ke7 31.Qxg7 Kd8 32.Nf6 Bf8 33.Qh7 Re7 34.Nf5 exf5 35.Bb6 Qxb6+ 36.Rxb6 Kc7
37.Rb1 a5 38.Rc1+ Kb6 39.d4 Nxf4 40.Rb3+ Ka7 41.Rc5 Ka6 42.Rbb5 a4 43.Ra5+ Kb6
44.Rab5+ Ka7 45.Ra5+ Ba6 46.Qxf5 Ne2+ 47.Kf1  1-0

[Event "WchT U26"]
[Site "Graz"]
[Date "1972.??.??"]
[Round "6"]
[White "Diaz, Joaquin C"]
[Black "Tarjan, James Edward"]
[Result "1-0"]
[WhiteElo "2305"]
[BlackElo "2405"]

1.e4 c5 2.Nf3 e6 3.d4 cxd4 4.Nxd4 Nc6 5.Nc3 a6 6.g3 Nge7 7.Bg2 Nxd4 8.Qxd4 Nc6
9.Qd2 Be7 10.O-O O-O 11.b3 d6 12.Bb2 Qc7 13.Ne2 b5 14.Rac1 Bd7 15.Nf4 Rfc8
16.Rfd1 Ra7 17.a3 a5 18.Qe2 Qb8 19.Bf1 Rb7 20.Ng2 Be8 21.Ne3 Bf8 22.Ng4 Ne5
23.Nxe5 dxe5 24.c3 Bc6 25.Qe1 f6 26.c4 b4 27.a4 Bc5 28.Rd2 Rd7 29.Rxd7 Bxd7
30.Rd1 Bc6 31.Bh3 Re8 32.Qe2 Qb7 33.Bg2 Qb6 34.Bc1 Bd4 35.Be3 Qc5 36.Rd3 g6
37.Bxd4 exd4 38.f4 e5 39.Qf3 f5 40.Qe2 exf4 41.e5 Rxe5 42.Bd5+ Qxd5 43.cxd5 Rxe2
44.dxc6 fxg3 45.Rxd4 gxh2+ 46.Kh1 Re7 47.Rd7 Kf7 48.c7 Rxd7 49.c8=Q Rd5 50.Qb7+ Ke6
51.Qxh7 Kf6 52.Qh4+ Kg7 53.Qe7+ Kh6 54.Qh4+ Kg7 55.Qc4 Rd2 56.Qc7+ Kf6 57.Qb6+ Kf7
58.Qxa5 Ra2 59.Qe5 Rc2 60.a5 Ra2 61.Qb5 f4 62.Qc4+ Ke8 63.Qxf4  1-0

[Event "WchT U26"]
[Site "Graz"]
[Date "1972.??.??"]
[Round "6"]
[White "Goldenberg, Richard"]
[Black "Wittmann, Walter"]
[Result "1/2-1/2"]
[WhiteElo "2230"]
[BlackElo "2200"]

1.e4 c5 2.Nc3 Nc6 3.Nf3 e6 4.d4 cxd4 5.Nxd4 Qc7 6.g3 a6 7.Bg2 Nf6 8.O-O Nxd4
9.Qxd4 Bc5 10.Bf4 d6 11.Qd3 Nd7 12.Na4 e5 13.Bg5 h6 14.Bd2 b5 15.Nxc5 Nxc5
16.Qe2 Be6 17.f4 Bc4 18.Qg4 Bxf1 19.Qxg7 Bxg2 20.Qxh8+ Ke7 21.Qxa8 Bxe4 22.Qh8 Nd7
23.Qxh6 Qc5+ 24.Kf1 Qxc2 25.fxe5 Qd3+ 26.Kg1 Qf3 27.exd6+ Ke8 28.Qh8+ Nf8
29.d7+ Kxd7 30.Qh3+ f5 31.Rf1 Qh1+ 32.Kf2 Qf3+ 33.Ke1 Qd3 34.Qh5 Qd5 35.Bb4 Qe6
36.Qe2 Ng6 37.Kf2 Ne5 38.Rd1+ Kc8 39.Rc1+ Kb7 40.Kg1 Nd3 41.Bd2 Nxc1 42.Bxc1 Qxa2
43.h4 Qb1 44.Qd2 Bc6 45.Qe3 a5 46.Kf1 Qc2 47.Ke1 Qg2 48.Qf2 Qh1+ 49.Qf1 Qe4+
50.Qe2 Qh1+ 51.Qf1 Qh2 52.Qf2 Qh1+ 53.Qf1  1/2-1/2

[Event "WchT U26"]
[Site "Graz"]
[Date "1972.??.??"]
[Round "8"]
[White "Ermenkov, Evgenij"]
[Black "Hernandez, Roman"]
[Result "0-1"]
[WhiteElo "2410"]
[BlackElo "2360"]

1.Nf3 c5 2.e4 e6 3.d4 cxd4 4.Nxd4 Nc6 5.Nc3 Qc7 6.g3 a6 7.Bg2 Nge7 8.Nb3 Ng6
9.O-O b5 10.f4 Bb7 11.Be3 Na5 12.Nxa5 Qxa5 13.Qh5 Qc7 14.Rae1 Bb4 15.Bd4 O-O
16.a3 Be7 17.Rf2 f6 18.Qd1 Kh8 19.Rd2 Rfd8 20.Qf3 Rab8 21.Qf2 Bc6 22.Bc5 Bxc5
23.Qxc5 d6 24.Qe3 a5 25.Ne2 e5 26.Red1 b4 27.axb4 axb4 28.h4 Bb5 29.h5 Ne7
30.h6 gxh6 31.fxe5 dxe5 32.Nc1 Rg8 33.Kh2 Rg6 34.Bf1 Bxf1 35.Rxf1 Rbg8 36.Ne2 h5
37.Rfd1 Nc6 38.Rd7 Qc8 39.Qc5 h4 40.R1d6 hxg3+ 41.Kg2 Nd4 42.Qxc8 Rxc8 43.Rd8+ Rxd8  0-1

[Event "WchT U26"]
[Site "Graz"]
[Date "1972.??.??"]
[Round "9"]
[White "Ghizdavu, Dumitru"]
[Black "Hernandez, Roman"]
[Result "1/2-1/2"]
[WhiteElo "2385"]
[BlackElo "2360"]

1.e4 c5 2.Nf3 e6 3.d4 cxd4 4.Nxd4 Nc6 5.Nc3 Qc7 6.Be3 a6 7.Nb3 Nf6 8.Bd3 b5
9.f4 d6 10.O-O Be7 11.Qf3 O-O 12.g4 b4 13.Ne2 a5 14.f5 d5 15.Ng3 Bb7 16.g5 dxe4
17.Nxe4 Nxe4 18.Bxe4 Nd4 19.Nxd4  1/2-1/2

[Event "Hastings7273"]
[Site "Hastings"]
[Date "1972.??.??"]
[Round "6"]
[White "Mestel, A Jonathan"]
[Black "Rajkovic, Dusan"]
[Result "0-1"]
[WhiteElo "2200"]
[BlackElo "2390"]

1.e4 c5 2.Nf3 e6 3.d4 cxd4 4.Nxd4 Nc6 5.Nc3 a6 6.g3 Nge7 7.Nb3 Na5 8.Bf4 Nec6
9.Bd6 Bxd6 10.Qxd6 Qe7 11.O-O-O Qxd6 12.Rxd6 Ke7 13.Rd2 b5 14.Be2 d6 15.Nxa5 Nxa5
16.Rhd1 Rd8 17.e5 d5 18.f4 Bb7 19.Bf1 Rdc8 20.Kb1 b4 21.Ne2 g5 22.Nd4 gxf4
23.gxf4 Rg8 24.Rg2 Rxg2 25.Bxg2 Rg8 26.Bh3 Nc6 27.c3 bxc3 28.bxc3 Rg6 29.Rd2 Rg1+
30.Kc2 Nxd4+ 31.cxd4 Bc6 32.f5 exf5 33.Bxf5 h6 34.Kc3 a5 35.Rb2 Rc1+ 36.Kd2 Rf1
37.Bd3 Rf2+ 38.Kc3 Rf3 39.Rb6 Bd7 40.Rf6 Rxf6 41.exf6+ Kxf6 42.h4 Bf5 43.Be2 Bb1
44.Kb2 Be4 45.Bh5 Bg6 46.Bg4 Bf5 47.Be2 Bd7 48.Bd3 Bf5 49.Be2 Be6 50.Bd3 Bf5
51.Be2 Bh3 52.Bd3 Bg2 53.Kb3 Be4 54.Bf1 Kf5 55.Ka4 Kf4 56.Kxa5 Ke3 57.Kb6 Kxd4
58.a4 Ke3 59.a5 d4 60.Bb5 d3 61.a6 d2 62.Ba4  0-1